| 000 | 02212cam a22004694i 4500 | ||
|---|---|---|---|
| 003 | PE-LiUPU | ||
| 005 | 20250731172945.0 | ||
| 008 | 150623s1981 ne r 000 0 eng d | ||
| 020 | _a9023218515 | ||
| 035 | _a(Sirsi) i9789023218517 | ||
| 040 |
_aPE-LiUPU _bspa _cPE-LiUPU _erda |
||
| 049 | _aPRUA | ||
| 082 | 0 | 4 |
_a222.406 _bF73 _221 |
| 100 | 1 |
_aFokkelman, J. P., _eautor. |
|
| 245 | 1 | 0 |
_aNarrative art and poetry in the books of Samuel : _ba full interpretation based on stylistic and structural analyses Vol. I: King David (II Sam. 9-20 & I Kings 1-2). _n1 / _cJ. P. Fokkelman. |
| 264 | 1 |
_aAssen, The Netherlands : _bVan Gorcum, _c1981. |
|
| 300 |
_a517 páginas ; _c24 centímetros. |
||
| 336 |
_atext _2rdacontent |
||
| 337 |
_aunmediated _2rdamedia |
||
| 338 |
_avolume _2rdacarrier |
||
| 490 | 0 |
_aStudia semítica Neerlandica ; _v20 |
|
| 505 | 0 | _aThe triangle of David-Ziba-Mephiboshet -- War, sexuality, and violence -- Confrontation and repetance; mourning, harmony, and victory -- Chips off old block -- Interventions -- Absalom rebels and David flees -- Absalom and his two counsellors; David warned -- The outcome on the battlefield; David informed -- Joab intervines; the people deliberate. -On the way back: David's conversations at the Jordan. -The schism between Israel and Judah. -David decides about the succession -- David's testament and the posthumous execution (s) -- Synthesis and conclusion. | |
| 526 | _aSEG42 | ||
| 526 | _aSEG41 | ||
| 526 | _aSEG40 | ||
| 526 | _aSEG39 | ||
| 526 | _aP94 | ||
| 526 | _aP87 | ||
| 526 | _aP86 | ||
| 526 | _aP85 | ||
| 526 | _aP77 | ||
| 526 | _aP76 | ||
| 526 | _aP35 | ||
| 630 |
_aBiblia. _pA.T. _pReyes I _xComentarios. |
||
| 630 |
_aBiblia. _pA.T. _pSamuel II _xComentarios. |
||
| 942 |
_2ddc _cBOOK |
||
| 949 |
_a222.406 F73 1 _wDEWEY _c1 _i44731 _lCCODEBUL1 _mBUL _r0 _sY _tBOOK _u2015-6-24 _xTEOLOGIA _PP35 _0COMPRA _o.STAFF. Colección General |
||
| 994 |
_aC0 _bPEPRU |
||
| 596 | _a1 | ||
| 999 |
_a222.406 F73 1 _wDEWEY _c21596 _i44731 _d21596 _e2017-9-5 _f2021-11-9 _g5 _lCCODEBUL1 _mBUL _n1 _p30.00 _r0 _sY _tBOOK _u2015-6-24 _xTEOLOGIA _PP35 _0COMPRA _o.STAFF. Colección Teología |
||
| 980 |
_81 _gALBERTO SANCHEZ Responsable de Automatización |
||